Lekkie kontrukcje stalowe

Na minha lista:
Detalhes bibliográficos
Main Authors: Bródka, Jan (Author), Lubinski, Mieczyslaw (Author)
Formato: Livro
Idioma:polonês
Publicado em: Warszawa : Arkady, 1978
Edição:3. oprav. vyd.
Tags: Adicionar Tag
Sem tags, seja o primeiro a adicionar uma tag!

MARC

LEADER 00000nam a22000003a 4500
001 stu208596
005 20150617230052.1
008 100730s1978----pl------------------pol-d
040 |a STU  |b slo 
041 0 |a pol 
044 |a pl 
080 |a 624.01 
100 1 |a Bródka, Jan  |4 aut 
245 1 |a Lekkie kontrukcje stalowe 
250 |a 3. oprav. vyd. 
260 |a Warszawa :  |b Arkady,  |c 1978 
300 |a 374 s 
700 1 |a Lubinski, Mieczyslaw  |4 aut 
996 |c V*17197/O-6318  |l VV9  |s P  |a 0  |w stu208596_0001